000 00443nam a22001697a 4500
005 20260106093551.0
008 260106b |||||||| |||| 00| 0 eng d
020 _a978-93-86235-74-9
100 _aPRASAD, P. JAGADISH
245 _aTEXTBOOK OF PHARMACOLOGY
250 _a2ND ED
260 _aTELANGANA, INDIA
_bUNIVERSITIES PRESS
_c2019
300 _aVII, 898P.
500 _aINCLUDES INDEX
650 _aPHARMACOLOGY
942 _2lcc
_cBK
999 _c216405
_d216405